[Event "AUT-chT2W 1314"]
[Site "Austria"]
[Date "2014.01.19"]
[Round "8.3"]
[White "Mikulic, Oliver"]
[Black "Lins, Philipp"]
[Result "1-0"]
[WhiteElo "2132"]
[BlackElo "2093"]
[PlyCount "101"]
[EventDate "2013.10.18"]
[EventType "team-tourn"]
[EventRounds "11"]
[EventCountry "AUT"]
[SourceTitle "EXT 2015"]
[Source "ChessBase"]
[SourceDate "2014.11.20"]
[SourceVersion "1"]
[SourceVersionDate "2014.11.20"]
[SourceQuality "1"]
[WhiteTeam "Schwarzach"]
[BlackTeam "Pradl"]
[WhiteTeamCountry "AUT"]
[BlackTeamCountry "AUT"]

1. e4 d6 2. d4 Nf6 3. Bd3 e5 4. c3 d5 5. dxe5 Nxe4 6. Bxe4 dxe4 7. Qxd8+ Kxd8 8. Bg5+ Be7 9. Bxe7+ Kxe7 10. Nd2 Nd7 11. Nxe4 Nxe5 12. 0-0-0 Bf5 13. f3 Rad8 14. Ne2 Nd3+ 15. Kc2 Nf2 16. Rxd8 Rxd8 17. Re1 Nxe4 18. Nd4 Bg6 19. fxe4 c6 20. b4 f6 21. a4 Bf7 22. Kd3 g6 23. a5 a6 24. c4 Be6 25. Kc3 Kf7 26. Nb3 Ke7 27. Nc5 Bc8 28. Rb1 Re8 29. Rd1 Kf7 30. b5 cxb5 31. cxb5 axb5 32. Kb4 Re7 33. Kxb5 Rc7 34. Rd6 Ke7 35. Rb6 Kf7 36. Kc4 Ke7 37. Kd5 Kf7 38. Kd6 Re7 39. Rb2 Ke8 40. a6 b5 41. Rxb5 Kf7 42. Rb7 Bxb7 43. axb7 Re8 44. Nd7 Re6+ 45. Kd5 Re7 46. b8Q Rxd7+ 47. Kc6 Re7 48. Qb3+ Kg7 49. Kd6 Re5 50. Qb7+ Kh6 51. h4 1-0

[Event "AUT-chT2W 1314"]
[Site "Austria"]
[Date "2014.01.17"]
[Round "6.3"]
[White "Maiwald, Jens Uwe"]
[Black "Mikulic, Oliver"]
[Result "1-0"]
[WhiteElo "2461"]
[BlackElo "2132"]
[PlyCount "84"]
[EventDate "2013.10.18"]
[EventType "team-tourn"]
[EventRounds "11"]
[EventCountry "AUT"]
[SourceTitle "EXT 2015"]
[Source "ChessBase"]
[SourceDate "2014.11.20"]
[SourceVersion "1"]
[SourceVersionDate "2014.11.20"]
[SourceQuality "1"]
[WhiteTeam "Zillertal"]
[BlackTeam "Schwarzach"]
[WhiteTeamCountry "AUT"]
[BlackTeamCountry "AUT"]

1. e4 e6 2. d3 d5 3. Qe2 Nf6 4. Nf3 b6 5. e5 Nfd7 6. g3 Bb7 7. Bg2 Be7 8. h4 d4 9. 0-0 Nc6 10. Nbd2 Nc5 11. Ne4 Nxe4 12. Qxe4 Qd7 13. Qg4 0-0-0 14. Qxg7 h5 15. Bg5 Rdg8 16. Qxf7 Rf8 17. Qg6 Rf5 18. Rae1 Kb8 19. Bf6 Rf8 20. Ng5 Nxe5 21. Rxe5 R8xf6 22. Qg8+ Bc8 23. Re2 e5 24. Qh7 Rf8 25. Qxh5 Bxg5 26. hxg5 Qg7 27. Qh6 Qxh6 28. gxh6 Rh5 29. Rfe1 Rxh6 30. Rxe5 Rhh8 31. Re7 Rd8 32. f4 Rdg8 33. Kf2 Bg4 34. Rh1 Rxh1 35. Bxh1 a5 36. Bc6 b5 37. Re5 Rh8 38. Rxb5+ Ka7 39. Bg2 Rh2 40. Kg1 Rh7 41. Rxa5+ Kb6 42. Re5 c5 1-0

[Event "Wattens op 15th"]
[Site "Wattens"]
[Date "2000.09.03"]
[Round "9"]
[White "Meingast, Matthias"]
[Black "Mikulic, Oliver"]
[Result "0-1"]
[WhiteElo "2092"]
[BlackElo "1835"]
[PlyCount "126"]
[EventDate "2000.08.26"]
[EventType "swiss"]
[EventRounds "9"]
[EventCountry "AUT"]
[SourceTitle "EXT 2001"]
[Source "ChessBase"]
[SourceDate "2000.11.22"]
[SourceVersion "1"]
[SourceVersionDate "2000.11.22"]
[SourceQuality "1"]

1. d4 e6 2. c4 Nf6 3. Nc3 d5 4. e3 c5 5. Nf3 Nc6 6. b3 cxd4 7. Nxd4 Bb4 8. Bb2 Ne4 9. Qc2 Qa5 10. Nde2 d4 11. exd4 Nxd4 12. Qxe4 Nxe2 13. Kxe2 Bxc3 14. Bxc3 Qxc3 15. Rd1 0-0 16. Qd4 Qa5 17. Qd2 Qh5+ 18. f3 e5 19. Kf2 Qh4+ 20. g3 Qf6 21. Bd3 Bh3 22. Rhe1 Rad8 23. Qe3 Rfe8 24. a4 h5 25. Be4 g5 26. Rxd8 Rxd8 27. Bxb7 g4 28. Bd5 Re8 29. c5 gxf3 30. Qxf3 Qg6 31. b4 Kg7 32. c6 Bg4 33. Qc3 h4 34. c7 f6 35. b5 e4 36. Kg1 hxg3 37. hxg3 Bf3 38. Kf2 Bg4 39. Bb7 Qf5+ 40. Kg1 e3 41. Rf1 Qg5 42. c8Q Bxc8 43. Qc7+ Kh6 44. Bxc8 e2 45. Re1 Rxc8 46. Qf4 Qxf4 47. gxf4 Rc4 48. Rxe2 Rxa4 49. Rb2 Kh5 50. b6 axb6 51. Rxb6 f5 52. Rb5 Kg4 53. Rb1 Rxf4 54. Ra1 Kg3 55. Ra3+ Rf3 56. Ra1 Rb3 57. Kf1 f4 58. Rc1 Rb2 59. Rc8 Rb1+ 60. Ke2 f3+ 61. Ke3 Re1+ 62. Kd2 f2 63. Rg8+ Kh4 0-1

[Event "Wattens op 15th"]
[Site "Wattens"]
[Date "2000.09.01"]
[Round "7"]
[White "Mikulic, Oliver"]
[Black "Sucher, Johannes"]
[Result "0-1"]
[WhiteElo "1835"]
[BlackElo "2217"]
[PlyCount "64"]
[EventDate "2000.08.26"]
[EventType "swiss"]
[EventRounds "9"]
[EventCountry "AUT"]
[SourceTitle "EXT 2001"]
[Source "ChessBase"]
[SourceDate "2000.11.22"]
[SourceVersion "1"]
[SourceVersionDate "2000.11.22"]
[SourceQuality "1"]

1. e4 d6 2. d4 Nf6 3. Bd3 e5 4. c3 c5 5. dxe5 dxe5 6. Bg5 Be7 7. Nf3 Qc7 8. Nbd2 0-0 9. 0-0 Rd8 10. Qc2 a6 11. a4 Nc6 12. h3 h6 13. Bxf6 Bxf6 14. Nc4 Be6 15. Ne3 Na5 16. c4 Nc6 17. Nd5 Qa5 18. Rfd1 Rd6 19. Be2 Rad8 20. Ra3 Bg5 21. Nxg5 hxg5 22. Rg3 Nd4 23. Rxd4 exd4 24. e5 Qe1+ 25. Kh2 R6d7 26. Nb6 Re7 27. Qe4 Qxf2 28. Bd3 g6 29. Rxg5 Bf5 30. Rxf5 Qxf5 31. Nd5 Qxe4 32. Kg1 Rxd5 0-1

[Event "Wattens op 15th"]
[Site "Wattens"]
[Date "2000.08.30"]
[Round "5"]
[White "Mikulic, Oliver"]
[Black "Neuschmied, Siegfried"]
[Result "0-1"]
[WhiteElo "1835"]
[BlackElo "2179"]
[PlyCount "56"]
[EventDate "2000.08.26"]
[EventType "swiss"]
[EventRounds "9"]
[EventCountry "AUT"]
[SourceTitle "EXT 2001"]
[Source "ChessBase"]
[SourceDate "2000.11.22"]
[SourceVersion "1"]
[SourceVersionDate "2000.11.22"]
[SourceQuality "1"]

1. e4 d6 2. d4 Nf6 3. Nc3 g6 4. Nf3 c6 5. Be2 Bg7 6. 0-0 0-0 7. h3 b5 8. e5 Ne8 9. Bg5 f6 10. Be3 d5 11. Qd2 Nd7 12. Bh6 Qc7 13. a4 b4 14. Nd1 fxe5 15. Bxg7 Nxg7 16. Ne3 e4 17. Nh2 Qd6 18. Nhg4 h5 19. Nh2 Nf6 20. c4 bxc3 21. bxc3 Ne6 22. c4 Kh7 23. Rac1 Bd7 24. f3 Rab8 25. c5 Qg3 26. Rf2 Nf4 27. Rff1 Rb3 28. Rc3 Rxc3 0-1

[Event "Wattens op 12th"]
[Site "Wattens"]
[Date "1997.??.??"]
[Round "?"]
[White "Fuchs, Georg"]
[Black "Mikulic, Oliver"]
[Result "1/2-1/2"]
[WhiteElo "2190"]
[BlackElo "1795"]
[PlyCount "99"]
[EventDate "1997.??.??"]
[EventType "swiss"]
[EventRounds "9"]
[EventCountry "AUT"]
[SourceTitle "EXT 2000"]
[Source "ChessBase"]
[SourceDate "1999.11.16"]
[SourceVersion "1"]
[SourceVersionDate "1999.11.16"]
[SourceQuality "1"]

1. e4 e6 2. c4 c5 3. Nc3 Nc6 4. g3 Nge7 5. Bg2 d6 6. Nge2 g6 7. d4 cxd4 8. Nxd4 a6 9. Be3 Bg7 10. 0-0 0-0 11. h3 Bd7 12. Qd2 Rc8 13. Rad1 Ne5 14. b3 f6 15. Nde2 Nf7 16. c5 f5 17. cxd6 Nc6 18. Na4 fxe4 19. Bxe4 e5 20. Kh2 Qe8 21. Nb6 Rd8 22. Nxd7 Rxd7 23. Bxc6 bxc6 24. Qb4 Qe6 25. Qb6 Bh6 26. Bxh6 Nxh6 27. Qxc6 Nf7 28. Qxa6 Kg7 29. f4 Rfd8 30. fxe5 Ng5 31. Nf4 Qxe5 32. Qe2 Qxe2+ 33. Nxe2 Rxd6 34. Nc3 Rd2+ 35. Kh1 Nxh3 36. Rxd2 Rxd2 37. Ne4 Rxa2 38. Rf3 h5 39. Nc3 Rb2 40. Nd1 Rb1 41. Kg2 Ng5 42. Rd3 Ne6 43. Re3 Nc5 44. Nc3 Rxb3 45. Nd5 Rxe3 46. Nxe3 g5 47. g4 h4 48. Kh3 Nd3 49. Nf5+ Kf6 50. Nxh4 1/2-1/2